000 00432nam a2200145Ia 4500
008 231129s1989||||xx |||||||||||||| ||spa||
020 _a84-7232-482-6
040 _bspa
082 _aR 970.015 M296c
100 _aManzano Manzano Juan
245 0 _aCristobal Colon : Siete anos decisivos de su vida 1485-1492
260 _c1989
264 _aEdiciones de Cultura Hispanica
942 _2ddc
_cBKS
999 _c8245
_d8245